Sabrina Carpenter: Man's Best Friend - All Songs - Statistics

General Stats
  • This quiz has been taken 266 times
  • The average score is 10 of 13
Answer Stats
Hint Answer % Correct
1 Manchild
99%
2 Tears
93%
11 House Tour
89%
12 Goodbye
86%
9 Go Go Juice
81%
6 Nobody's Son
81%
8 When Did You Get Hot?
81%
3 My Man on Willpower
77%
4 Sugar Talking
76%
5 We Almost Broke Up Again Last Night
75%
7 Never Getting Laid
70%
Bonus Such A Funny Way
70%
10 Don't Worry I'll Make You Worry
67%
No matching quizzes found
Score Distribution
Percent of People with Each Score
Percentile by Number Answered
Your Score History
You have not taken this quiz